| 000 | 00494nam a22002057a 4500 | ||
|---|---|---|---|
| 005 | 20260207162822.0 | ||
| 008 | 260207b |||||||| |||| 00| 0 eng d | ||
| 020 |
_a9788123909172 _c575.00 |
||
| 040 | _aMAIN | ||
| 041 | _aEnglish | ||
| 082 |
_a560 _bRAU |
||
| 100 |
_aRaup, David M. _926232 |
||
| 245 | _aPrinciples of Paleontology | ||
| 250 | _a2nf | ||
| 260 |
_aNew Delhi _bCBS _c2004 |
||
| 300 | _a481 | ||
| 650 |
_aGeology _91039 |
||
| 700 |
_aStanley Steven M. _926233 |
||
| 942 | _cBK | ||
| 999 |
_c60278 _d60278 |
||